All Governors of California - Statistics

General Stats
  • This quiz has been taken 20 times
  • The average score is 10 of 40
Answer Stats
Years Served Party Answer % Correct
2003 - 2011 Republican Arnold Schwarzenegger
100%
2019 - Present Democrat Gavin Newsom
83%
1967 - 1975 Republican Ronald Reagan
78%
1975 - 1983 Democrat Jerry Brown
67%
2011 - 2019 Democrat Jerry Brown
67%
1959 - 1967 Democrat Pat Brown
67%
1999 - 2003 Democrat Gray Davis
44%
1911 - 1917 Republican, Progressive Hiram Johnson
39%
1856 - 1858 American J. Neely Johnson
39%
1943 -1953 Republican Earl Warren
33%
1983 - 1991 Republican George Deukmejian
33%
1991 - 1999 Republican Pete Wilson
28%
1934 - 1939 Republican Frank Merriam
22%
1953 - 1959 Republican Goodwin Knight
22%
1862 - 1863 Republican Leland Stanford
22%
1927 - 1931 Republican C. C. Young
17%
1939 - 1943 Democrat Culbert Olson
17%
1863 -1867 Union Frederick Low
11%
1923 - 1927 Republican Friend Richardson
11%
1880 - 1883 Republican George C. Perkins
11%
1903 - 1907 Republican George Pardee
11%
1883 - 1887 Democrat George Stoneman
11%
1867 - 1871 Democrat Henry Huntly Haight
11%
1891 - 1895 Republican Henry Markham
11%
1899- 1903 Republican Henry T. Gage
11%
1907 - 1911 Republican James Gillett
11%
1931 - 1934 Republican James Rolph
11%
1852 -1856 Democrat John Bigler
11%
1860 - 1862 Democrat John G. Downey
11%
1851 - 1852 Nonpartisan John McDougal
11%
1887 - 1891 Republican Robert Waterman
11%
1875 Republican Romualdo Pacheco
11%
1875 - 1880 Democrat William Irwin
11%
1917 -1923 Republican William Stephens
11%
1895 - 1899 Democrat James Budd
6%
1858 - 1860 Democrat John B. Weller
6%
1860 Democrat Milton S. Latham
6%
1871 -1875 Republican Newton Booth
6%
1849 - 1851 Nonpartisan Peter Hardeman Burnett
6%
1887 Democrat Washington Bartlett
6%
No matching quizzes found
Score Distribution
Percent of People with Each Score
Percentile by Number Answered
Your Score History
You have not taken this quiz